Pays les plus proches de la France métropolitaine - une minute sprint - Statistiques

Statistiques générales
  • Ce quiz a été pris 128 fois
    127 depuis la dernière actualisation
  • Le résultat moyen est 17 sur 20
Statistiques - réponses
km pays % Correct
0 Allemagne
100%
0 Italie
100%
0 Belgique
99%
0 Espagne
99%
0 Suisse
99%
0 Monaco
96%
61 Pays-Bas
96%
0 Andorre
95%
0 Luxembourg
95%
33 Royaume-Uni
92%
412 Portugal
89%
148 Autriche
85%
432 Irlande
80%
150 Liechtenstein
79%
240 Vatican
77%
259 Saint-Marin
68%
430 Slovénie
64%
313 Tchèquie
55%
403 Croatie
49%
450 Tunisie
35%
Aucun quiz correspondant
Distribution des résultats
% des personnes avec chaque résultat
Percentile par nombre de réponses
Votre historique - résultats
Vous n’avez pas pris ce quiz depuis la dernière actualisation